000 00542cam a2200193 a 4500
001 000003830
003 DO-SdBNP
005 20220921114019.0
007 ta
008 730507s1966 mau 000 1 eng
040 _aDO-SdBNP
_bspa
_cBNPHU
082 4 _bC154r
_222
100 1 _aCalisher, Hortense.
_911598
245 1 4 _aThe railway police :
_band The last trolley ride /
_cHortense Calisher.
260 _aBoston, Massachusetts :
_bLittle, Brown,
_c1966.
300 _a248 p. ;
_c21 cm.
740 0 _aLast trolley ride.
942 _2ddc
_cLBS1
999 _c3652
_d3652